NFL Nicknames - Statistics

General Stats
  • This quiz has been taken 571 times
  • The average score is 16 of 50
Answer Stats
Nickname Player % Correct
GOAT Tom Brady
99%
Prime Time Deion Sanders
87%
Gronk Rob Gronkowski
83%
Megatron Calvin Johnson
79%
L.T. Lawrence Taylor
79%
Mean Joe Joe Greene
77%
A-Rod Aaron Rodgers
74%
Sweetness Walter Payton
74%
Joe Cool Joe Montana
72%
L.T. LaDainian Tomlinson
72%
T.O. Terrell Owens
72%
Night Train Dick Lane
68%
Johnny U Johnny Unitas
62%
Ageless Wonder Darrell Green
61%
The Bus Jerome Bettis
58%
The Sheriff Peyton Manning
58%
Flash 80 Jerry Rice
54%
Larry Legend Larry Fitzgerald
52%
The Juice O.J. Simpson
40%
All Day Adrian Peterson
37%
Scoey Emmitt Smith
26%
MD Mike Ditka
25%
Slinging Sammy Sammy Baugh
25%
Roger the Dodger Roger Staubach
24%
Blonde Bomber Terry Bradshaw
16%
The Freak Randy Moss
15%
Automatic Adam Adam Vinatieri
14%
Sugar Ray Lewis
14%
The Scrambler Fran Tarkenton
12%
Manster Randy White
12%
The Kansas Comet Gale Sayers
11%
Big Dawg Reggie White
11%
Country Brett Favre
9%
Bambi Lance Alworth
9%
The Galloping Ghost Red Grange
8%
The Mad Stork Ted Hendricks
8%
The Tyler Rose Earl Campbell
7%
Woody Rod Woodson
6%
The Animal Dick Butkus
5%
The Alabama Antelope Don Hutson
5%
Double O Jim Otto
5%
Sundance Kid Larry Csonka
4%
Iron Mike Mike Webster
4%
Wildman Ray Nitschke
4%
60 Minute Man Chuck Bednarik
3%
The Gremlin Emlen Tunnell
3%
Spats Lenny Moore
2%
Wham Bam Steve Van Buren
2%
Tiger Bob Lilly
0%
Contact Willie Lanier
0%
No matching quizzes found
Score Distribution
Percent of People with Each Score
Percentile by Number Answered
Your Score History
You have not taken this quiz